<?xml version="1.0" encoding="UTF-8"?>
<record
    xmlns:xsi="http://www.w3.org/2001/XMLSchema-instance"
    xsi:schemaLocation="http://www.loc.gov/MARC21/slim http://www.loc.gov/standards/marcxml/schema/MARC21slim.xsd"
    xmlns="http://www.loc.gov/MARC21/slim">

  <leader>03139njm a2200493Ia 4500</leader>
  <controlfield tag="001">78430</controlfield>
  <controlfield tag="003">IT-RoPAU</controlfield>
  <controlfield tag="005">20220918181200.0</controlfield>
  <controlfield tag="008">131025s9999    xx            000 0 und d</controlfield>
  <datafield tag="040" ind1=" " ind2=" ">
    <subfield code="a">IT-RoPAU</subfield>
  </datafield>
  <datafield tag="040" ind1=" " ind2=" ">
    <subfield code="c">IT-RoPAU</subfield>
  </datafield>
  <datafield tag="999" ind1=" " ind2=" ">
    <subfield code="c">102890</subfield>
    <subfield code="d">102890</subfield>
  </datafield>
  <datafield tag="999" ind1=" " ind2=" ">
    <subfield code="b">n.d.</subfield>
  </datafield>
  <datafield tag="100" ind1=" " ind2=" ">
    <subfield code="a">AA.VV.</subfield>
    <subfield code="9">794</subfield>
  </datafield>
  <datafield tag="100" ind1=" " ind2=" ">
    <subfield code="e">Autore musica</subfield>
    <subfield code="9">25701</subfield>
  </datafield>
  <datafield tag="100" ind1=" " ind2=" ">
    <subfield code="g">Codice autore musica SPICS: 12000</subfield>
    <subfield code="9">796</subfield>
  </datafield>
  <datafield tag="245" ind1=" " ind2=" ">
    <subfield code="a">Classic Rock-Rhapsody In Black</subfield>
  </datafield>
  <datafield tag="250" ind1=" " ind2=" ">
    <subfield code="a">1a ed.</subfield>
  </datafield>
  <datafield tag="260" ind1=" " ind2=" ">
    <subfield code="a">AUSTRIA</subfield>
  </datafield>
  <datafield tag="260" ind1=" " ind2=" ">
    <subfield code="b">SELECTED SOUND CARRIER AG</subfield>
    <subfield code="c">1988 [1a Ed.:1988 - Ed. Lingua Orig.: 1988]</subfield>
  </datafield>
  <datafield tag="300" ind1=" " ind2=" ">
    <subfield code="a">COMPACT DISC</subfield>
  </datafield>
  <datafield tag="500" ind1=" " ind2=" ">
    <subfield code="a">Musica classica e rock</subfield>
  </datafield>
  <datafield tag="505" ind1=" " ind2=" ">
    <subfield code="a">Fanfare Intro: Rhapsody In Black - Reach Out I'll Be There - You Keep me Hanging On - The First Time I Ever Saw Your Face - Superstition - Standing In the Shadows of Love - Don't Leave Me This Way - Tears of A Clown - Rasputin - I Heard It Through the Grapevine - Ain't No Mountain High Enough</subfield>
  </datafield>
  <datafield tag="511" ind1=" " ind2=" ">
    <subfield code="a">The London Symphony Orchestra with the Royal Choral Society</subfield>
  </datafield>
  <datafield tag="650" ind1=" " ind2=" ">
    <subfield code="a">CLASSIC-ROCK [COMPACT DISC]</subfield>
    <subfield code="e">Codice MATERIA SPICS: 9949</subfield>
    <subfield code="9">25702</subfield>
  </datafield>
  <datafield tag="700" ind1=" " ind2=" ">
    <subfield code="a">Price Jackman Andrew</subfield>
    <subfield code="d">Codice autore musica SPICS: 27016</subfield>
    <subfield code="e">Autore musica</subfield>
    <subfield code="p">Fanfare Intro: Rhapsody In Black</subfield>
    <subfield code="9">25703</subfield>
  </datafield>
  <datafield tag="700" ind1=" " ind2=" ">
    <subfield code="a">Reedman Don</subfield>
    <subfield code="d">Codice autore SPICS: 27017</subfield>
    <subfield code="e">Autore</subfield>
    <subfield code="p">Fanfare Intro: Rhapsody In Black</subfield>
    <subfield code="9">25704</subfield>
  </datafield>
  <datafield tag="700" ind1=" " ind2=" ">
    <subfield code="a">Jarratt Jeff</subfield>
    <subfield code="d">Codice autore testo/musica SPICS: 27018</subfield>
    <subfield code="e">Autore testo/musica</subfield>
    <subfield code="p">Fanfare Intro: Rhapsody In Black</subfield>
    <subfield code="9">25705</subfield>
  </datafield>
  <datafield tag="700" ind1=" " ind2=" ">
    <subfield code="a">Dozier Lamont</subfield>
    <subfield code="d">Codice autore SPICS: 25672</subfield>
    <subfield code="e">Autore</subfield>
    <subfield code="p">Reach Out I'll Be There - You Keep me Hanging On - Standing In the Shadows of Love</subfield>
    <subfield code="9">25706</subfield>
  </datafield>
  <datafield tag="700" ind1=" " ind2=" ">
    <subfield code="a">Holland</subfield>
    <subfield code="d">Codice autore testo/musica SPICS: 27019</subfield>
    <subfield code="e">Autore testo/musica</subfield>
    <subfield code="p">Reach Out I'll Be There - You Keep me Hanging On - Standing In the Shadows of Love</subfield>
    <subfield code="9">25707</subfield>
  </datafield>
  <datafield tag="700" ind1=" " ind2=" ">
    <subfield code="a">MacColl</subfield>
    <subfield code="d">Codice autore musica SPICS: 27020</subfield>
    <subfield code="e">Autore musica</subfield>
    <subfield code="p">The First Time I Ever Saw Your Face</subfield>
    <subfield code="9">25708</subfield>
  </datafield>
  <datafield tag="700" ind1=" " ind2=" ">
    <subfield code="a">Wonder (Stevie) St.</subfield>
    <subfield code="d">Codice autore musica SPICS: 11163</subfield>
    <subfield code="e">Autore musica</subfield>
    <subfield code="p">Superstition - Tears of A Clown</subfield>
    <subfield code="9">25709</subfield>
  </datafield>
  <datafield tag="700" ind1=" " ind2=" ">
    <subfield code="a">Gamble K.</subfield>
    <subfield code="d">Codice autore musica SPICS: 27021</subfield>
    <subfield code="e">Autore musica</subfield>
    <subfield code="p">Don't Leave Me This Way</subfield>
    <subfield code="9">25710</subfield>
  </datafield>
  <datafield tag="700" ind1=" " ind2=" ">
    <subfield code="a">Huff L.</subfield>
    <subfield code="d">Codice autore SPICS: 27022</subfield>
    <subfield code="e">Autore</subfield>
    <subfield code="p">Don't Leave Me This Way</subfield>
    <subfield code="9">25711</subfield>
  </datafield>
  <datafield tag="700" ind1=" " ind2=" ">
    <subfield code="a">Cosby H.</subfield>
    <subfield code="d">Codice autore musica SPICS: 22322</subfield>
    <subfield code="e">Autore musica</subfield>
    <subfield code="p">Tears of A Clown</subfield>
    <subfield code="9">25712</subfield>
  </datafield>
  <datafield tag="700" ind1=" " ind2=" ">
    <subfield code="a">Robinson</subfield>
    <subfield code="d">Codice autore SPICS: 19976</subfield>
    <subfield code="e">Autore</subfield>
    <subfield code="p">Tears of A Clown</subfield>
    <subfield code="9">25713</subfield>
  </datafield>
  <datafield tag="700" ind1=" " ind2=" ">
    <subfield code="a">Farian</subfield>
    <subfield code="d">Codice autore musica SPICS: 27023</subfield>
    <subfield code="e">Autore musica</subfield>
    <subfield code="p">Rasputin</subfield>
    <subfield code="9">25714</subfield>
  </datafield>
  <datafield tag="700" ind1=" " ind2=" ">
    <subfield code="a">Reyam</subfield>
    <subfield code="d">Codice autore SPICS: 27024</subfield>
    <subfield code="e">Autore</subfield>
    <subfield code="p">Rasputin</subfield>
    <subfield code="9">25715</subfield>
  </datafield>
  <datafield tag="700" ind1=" " ind2=" ">
    <subfield code="a">Jay</subfield>
    <subfield code="d">Codice autore testo/musica SPICS: 27025</subfield>
    <subfield code="e">Autore testo/musica</subfield>
    <subfield code="p">Rasputin</subfield>
    <subfield code="9">25716</subfield>
  </datafield>
  <datafield tag="700" ind1=" " ind2=" ">
    <subfield code="a">Whitfield Raoul</subfield>
    <subfield code="d">Codice autore musica SPICS: 18254</subfield>
    <subfield code="e">Autore musica</subfield>
    <subfield code="p">I Heard It Through the Grapevine</subfield>
    <subfield code="9">25717</subfield>
  </datafield>
  <datafield tag="700" ind1=" " ind2=" ">
    <subfield code="a">Strong</subfield>
    <subfield code="d">Codice autore SPICS: 27026</subfield>
    <subfield code="e">Autore</subfield>
    <subfield code="p">I Heard It Through the Grapevine</subfield>
    <subfield code="9">25718</subfield>
  </datafield>
  <datafield tag="700" ind1=" " ind2=" ">
    <subfield code="a">Ashford N.</subfield>
    <subfield code="d">Codice autore musica SPICS: 27027</subfield>
    <subfield code="e">Autore musica</subfield>
    <subfield code="p">Ain't No Mountain High Enough</subfield>
    <subfield code="9">25719</subfield>
  </datafield>
  <datafield tag="700" ind1=" " ind2=" ">
    <subfield code="a">Simpson M.</subfield>
    <subfield code="d">Codice autore SPICS: 24521</subfield>
    <subfield code="e">Autore</subfield>
    <subfield code="p">Ain't No Mountain High Enough</subfield>
    <subfield code="9">25720</subfield>
  </datafield>
  <datafield tag="942" ind1=" " ind2=" ">
    <subfield code="c">CD</subfield>
    <subfield code="2">ddc</subfield>
  </datafield>
  <datafield tag="952" ind1=" " ind2=" ">
    <subfield code="0">0</subfield>
    <subfield code="1">0</subfield>
    <subfield code="4">0</subfield>
    <subfield code="6">78430_000000000000000</subfield>
    <subfield code="7">1</subfield>
    <subfield code="a">SPICS</subfield>
    <subfield code="b">SPICS</subfield>
    <subfield code="d">2013-10-25</subfield>
    <subfield code="l">0</subfield>
    <subfield code="o">78430</subfield>
    <subfield code="r">2013-10-25 00:00:00</subfield>
    <subfield code="w">2013-10-25</subfield>
    <subfield code="y">CD</subfield>
    <subfield code="z">Progr. Ins.: 18692 / N.Vol.: 1 / Copie: 1 - Copia rara: n.d. / date import: 01.01.2014 - By Epidotti, Trombetti, Vaglietti</subfield>
  </datafield>
</record>
